Pāṇṭiyan̲ celvi (Record no. 68562)

MARC details
000 -LEADER
fixed length control field 00556cam a22002171 4500
001 - CONTROL NUMBER
control field sa 66002714
003 - CONTROL NUMBER IDENTIFIER
control field DLC
005 - DATE AND TIME OF LATEST TRANSACTION
control field 20260227112231.0
008 - FIXED-LENGTH DATA ELEMENTS--GENERAL INFORMATION
fixed length control field 800610s1964 ii 000 1 tam
010 ## - LIBRARY OF CONGRESS CONTROL NUMBER
LC control number sa 66002714
035 ## - SYSTEM CONTROL NUMBER
System control number (OCoLC)34768419
040 ## - CATALOGING SOURCE
Original cataloging agency DLC
Transcribing agency MnU
Modifying agency DLC
042 ## - AUTHENTICATION CODE
Authentication code premarc
050 00 - LIBRARY OF CONGRESS CALL NUMBER
Classification number PL4758.9.K225
Item number P3
100 1# - MAIN ENTRY--PERSONAL NAME
Personal name Kaliyaperumāḷ, A.
245 10 - TITLE STATEMENT
Title Pāṇṭiyan̲ celvi
Remainder of title [1. patippu]
260 ## - PUBLICATION, DISTRIBUTION, ETC.
Place of publication, distribution, etc. Cen̲n̲ai,
Name of publisher, distributor, etc. Kuyilan̲ Patippakam
Date of publication, distribution, etc. [1964]
300 ## - PHYSICAL DESCRIPTION
Extent 244 p.
Dimensions 18 cm.
500 ## - GENERAL NOTE
General note In Tamil.
500 ## - GENERAL NOTE
General note A novel.

No items available.

Powered by Koha